Sự phân loại các nhóm Thái ở các tỉnh Thanh Hoá và Nghệ An /

Bewaard in:
Bibliografische gegevens
Hoofdauteur: Lê Sĩ Giáo.
Formaat: Artikel
Taal:Vietnamese
Onderwerpen:
Tags: Voeg label toe
Geen labels, Wees de eerste die dit record labelt!
Thư viện lưu trữ: Thư viện Trường Đại học Đà Lạt
LEADER 00735nam a2200253 4500
001 DLU090066444
005 ##20090410
040 # # |a DLU  |b vie 
041 # # |a vie 
044 # # |a vn 
100 # # |a Lê Sĩ Giáo. 
245 # # |a Sự phân loại các nhóm Thái ở các tỉnh Thanh Hoá và Nghệ An /  |c Lê Sĩ Giáo. 
653 # # |a Dân tộc Thái 
653 # # |a Dân tộc thiểu số 
773 # # |t Dân tộc học  |g Số 1(105), 2000, tr. 22-25 
920 # # |a Phòng Tạp chí -- Trung tâm Thông tin - Thư viện Trường Đại học Đà Lạt 
994 # # |a DLU 
900 # # |a True 
911 # # |a Đào Thị Thu Huyền 
925 # # |a G 
926 # # |a A 
927 # # |a BB 
980 # # |a Thư viện Trường Đại học Đà Lạt